All Eminem Albums - Statistics

General Stats
  • This quiz has been taken 125 times
  • The average score is 11 of 12
Answer Stats
Year Answer % Correct
2000 The Marshall Mathers LP
95%
1999 The Slim Shady LP
94%
2004 Encore
93%
2020 Music to be Murdered By
90%
2010 Recovery
90%
2002 The Eminem Show
90%
2009 Relapse
88%
2018 Kamikaze
86%
2024 The Death of Slim Shady (Coup de Grâce)
86%
2013 The Marshall Mathers LP 2
84%
2017 Revival
82%
1996 Infinite
78%
No matching quizzes found
Score Distribution
Percent of People with Each Score
Percentile by Number Answered
Your Score History
You have not taken this quiz